000 00641cam a22002411 4500
001 sa 68003921
003 DLC
005 20260227112457.0
008 890628s1967 ii ah b 000 0 orio
010 _asa 68003921
035 _a(OCoLC)19945330
040 _aDLC
_cWaU
_dDLC
042 _apremarc
043 _aa-ii---
050 0 0 _aPK2571
_b.M36
100 1 _aMahanty, Surendra,
_d1920-
245 1 0 _aOḍiā sāhityara madhya parba.
260 _c[1967]
300 _a7, 5, 317 p.
_billus., facsims.
_c23 cm.
500 _aIn Oriya.
504 _aBibliographical footnotes.
650 0 _aOriya literature
_xHistory and criticism.
999 _c79848
_d79848